| 000 | 00836nam a2200229Ia 4500 | ||
|---|---|---|---|
| 003 | OSt | ||
| 005 | 20250627122924.0 | ||
| 008 | 191128s2018 ck er 000 p spa d | ||
| 020 | _a9789584813804 | ||
| 040 |
_aCO-JMCR _cCO-JMCR |
||
| 041 | _aspa | ||
| 082 | 0 | 4 |
_aA-P _bDELl |
| 100 | 1 |
_aDelgado Micán, Fabio Andres _eautor _98770 |
|
| 245 | 1 | 0 |
_aLógicas vitales / _cFabio Andrés Delgado Micán |
| 250 | _aPrimera edición | ||
| 260 |
_aBogotá : _bBabilonia, _c2018 |
||
| 300 |
_a74 páginas ; _c21 cm. |
||
| 500 | _aIncluye datos biográficos del autor en solapa. | ||
| 520 | _aEstos poemas deben ser leídos al amanecer, en medio de una plaza solitaria, en una ciudad a la que por primera vez llegamos, dormida y peligrosa, pero en un país que aún tiene deseos de sobrevivir. | ||
| 650 | 1 | 4 |
_aPoesía _98771 |
| 942 |
_2ddc _cBK |
||
| 999 |
_c3456 _d3456 |
||